000 00425nam a22001337a 4500
008 240220b |||||||| |||| 00| 0 eng d
020 _a9788498715422
082 _aC
_bALIU
100 _aAliaga, Roberto
_eautor
_943479
245 _aUn cuento lleno de lobos /
_cRoberto Aliaga; ilustrado por Roger Olmos
260 _aEspaña:
_bOQO editores,
_c2017
300 _a16 páginas:
_bIlustraciones a color;
_c21 cm.
942 _2ddc
999 _c30680
_d17064